| 000 | 01211cam a22003257a 4500 | ||
|---|---|---|---|
| 999 |
_c160343 _d160343 |
||
| 001 | 16862434 | ||
| 003 | Nust | ||
| 005 | 20170117115045.0 | ||
| 008 | 110708s2009 nyu 000 1 eng d | ||
| 010 | _a 2011377742 | ||
| 020 | _a9780330508605 (pbk.) | ||
| 035 | _a(OCoLC)ocn456547672 | ||
| 040 |
_aIOS _cIOS _dDLC |
||
| 042 | _alccopycat | ||
| 050 | 0 | 0 |
_aPR6051.D3352 _bH5 2009 |
| 082 | 0 | 4 |
_a823.914 _bADA |
| 100 | 1 |
_aAdams, Douglas, _d1952-2001. |
|
| 240 | 1 | 0 | _aHitchhiker's guide to the galaxy (Novel) |
| 245 | 1 | 4 |
_aThe hitchhiker's guide to the galaxy / _cDouglas Adams. |
| 250 | _aDel Rey trade pbk. ed. | ||
| 260 |
_aNew York : _bBallantine Books, _c2009. |
||
| 300 |
_aix, 167 p. ; _c21 cm. |
||
| 520 | _aChronicles the off-beat and occasionally extraterrestrial journeys, notions, and acquaintances of galactic traveler Arthur Dent. | ||
| 600 | 1 | 0 |
_aPrefect, Ford _vFiction. |
| 600 | 1 | 0 |
_aDent, Arthur _c(Fictitious character) _vFiction. |
| 655 | 7 |
_aHumorous fiction. _2gsafd |
|
| 655 | 7 |
_aScience fiction. _2gsafd |
|
| 906 |
_a7 _bcbc _ccopycat _d3 _encip _f20 _gy-gencatlg |
||
| 942 |
_2ddc _cBK |
||